[Event "ch-FRA Blitz Online Qual"]
[Site "Europe-Chess INT"]
[Date "2020.05.16"]
[Round "7"]
[White "Fournier, Loic"]
[Black "Meillon, Judicael"]
[Result "1-0"]
[WhiteElo "2116"]
[BlackElo "2063"]
[WhiteFideId "36013463"]
[BlackFideId "36044288"]
[EventDate "2020.05.16"]

1. d4 Nf6 2. Nf3 g6 3. Bf4 Bg7 4. e3 O-O 5. Be2 a6 6. c4 b6 7. Nc3 Bb7 8. O-O e6
9. Rc1 d5 10. cxd5 Nxd5 11. Nxd5 Bxd5 12. Bxc7 Qd7 13. Bxb6 Bxa2 14. b3 Qb7 15.
Bc5 Bxb3 16. Qd3 Bd5 17. Bxf8 Bxf8 18. Rb1 Qa7 19. e4 Bc6 20. d5 exd5 21. exd5
Bb5 22. Qd2 Bxe2 23. Qxe2 Nd7 24. Rfc1 Rb8 25. Rxb8 Nxb8 26. Qe8 Kg7 27. Rc8 Bd6
28. Qg8+ Kh6 29. g4 f6 30. h4 Qb7 31. g5+ fxg5 32. hxg5+ Kh5 33. Qe6 Qd7 34. Rc4
Bh2+ 35. Kxh2 Qc7+ 36. Rxc7 1-0

[Event "ch-FRA Blitz Online Qual"]
[Site "Europe-Chess INT"]
[Date "2020.05.16"]
[Round "7"]
[White "Pierre, Timothee"]
[Black "Dumas, Charles"]
[Result "0-1"]
[WhiteElo "1858"]
[BlackElo "2284"]
[WhiteFideId "643076"]
[BlackFideId "675733"]
[EventDate "2020.05.16"]

1. f4 g6 2. Nf3 Bg7 3. e3 c5 4. c3 Nc6 5. d4 d6 6. Bd3 e6 7. O-O Nge7 8. Nbd2
O-O 9. Kh1 e5 10. fxe5 dxe5 11. Bb5 cxd4 12. exd4 exd4 13. cxd4 Nxd4 14. Nxd4
Qxd4 15. Nf3 Qxd1 16. Rxd1 Nf5 17. Rb1 Be6 18. b3 Rfd8 19. Bg5 Rxd1+ 20. Rxd1 h6
21. Bf4 Rc8 22. Be5 Rc2 23. Bxg7 Kxg7 24. Bd3 Rxa2 25. Bxf5 Bxf5 26. Nd4 Be4 27.
Nf3 g5 28. h3 Rb2 29. Ra1 a6 30. Ra4 Bxf3 31. gxf3 Rxb3 32. Re4 Rxf3 0-1

[Event "ch-FRA Blitz Online Qual"]
[Site "Europe-Chess INT"]
[Date "2020.05.16"]
[Round "7"]
[White "Zachary, Bastian"]
[Black "Richard, Emma"]
[Result "0-1"]
[BlackTitle "WFM"]
[WhiteElo "1923"]
[BlackElo "2160"]
[WhiteFideId "36019402"]
[BlackFideId "657590"]
[EventDate "2020.05.16"]

1. d4 Nf6 2. Bf4 d6 3. Nf3 Nbd7 4. e3 c6 5. Nbd2 Qc7 6. c3 e5 7. Bg3 Nh5 8. Bd3
Nxg3 9. hxg3 Nf6 10. O-O Be7 11. e4 O-O 12. Qc2 Bg4 13. Rae1 Rad8 14. Be2 Rfe8
15. dxe5 dxe5 16. Nc4 Bf8 17. Bd3 b5 18. Ne3 Bc5 19. c4 Bxe3 20. Rxe3 Qa5 21.
cxb5 cxb5 22. Qb3 a6 23. Ng5 Re7 24. Be2 Bc8 25. f4 Qc7 26. f5 h6 27. Nf3 Bb7
28. Rc3 Qb6+ 29. Kh1 Nxe4 0-1

[Event "ch-FRA Blitz Online Qual"]
[Site "Europe-Chess INT"]
[Date "2020.05.16"]
[Round "7"]
[White "Vine, Thibaut"]
[Black "Morais, Mario"]
[Result "0-1"]
[WhiteElo "1837"]
[BlackElo "2061"]
[WhiteFideId "20654227"]
[BlackFideId "614270"]
[EventDate "2020.05.16"]

1. e4 c5 2. Nc3 a6 3. a4 Nc6 4. d3 e6 5. g3 Nf6 6. Bg2 d6 7. Nf3 Be7 8. O-O O-O
9. h3 Rb8 10. d4 cxd4 11. Nxd4 Bd7 12. Be3 Ne5 13. Qe2 Qc7 14. Nb3 Nc4 15. Rab1
Nxb2 16. Rxb2 Qxc3 17. Bd4 Qc7 18. a5 Bb5 19. Qe3 Bxf1 20. Bxf1 Rbc8 21. Bb6 Qc3
22. Bd4 Qxe3 23. Bxe3 Nxe4 24. Bd3 Bf6 25. Nd4 Nc5 26. g4 h6 27. Rb4 Rc7 28. Be2
d5 29. c3 Ne4 30. c4 dxc4 31. Bxc4 Rfc8 32. Bxe6 fxe6 33. Nxe6 Rc4 34. Rxb7 R4c6
35. Nf4 Nd6 36. Ra7 Nc4 37. Bb6 Nxb6 38. axb6 Rxb6 39. Nh5 0-1

[Event "ch-FRA Blitz Online Qual"]
[Site "Europe-Chess INT"]
[Date "2020.05.16"]
[Round "7"]
[White "Jacquot, David"]
[Black "Rode, Antony"]
[Result "1-0"]
[WhiteElo "1830"]
[BlackElo "2055"]
[WhiteFideId "20624093"]
[BlackFideId "626236"]
[EventDate "2020.05.16"]

1. d4 Nf6 2. Nf3 c5 3. Bg5 d5 4. e3 Nc6 5. c3 Bf5 6. Nbd2 e6 7. Qb3 Qb6 8. Qxb6
axb6 9. Bb5 Nd7 10. O-O Bd6 11. Nh4 Bg6 12. Nxg6 hxg6 13. Nf3 f6 14. Bf4 Ke7 15.
Rfe1 g5 16. Bxd6+ Kxd6 17. e4 dxe4 18. Rxe4 Ra5 19. Bc4 Re8 20. a3 Raa8 21. Rae1
Nf8 22. d5 Na5 23. dxe6 Nxc4 24. Rxc4 Nxe6 25. Rce4 Nc7 26. Nd2 b5 27. Nb3 Rh8
28. h3 Rad8 29. Re7 Rh7 30. Rf7 c4 31. Nd4 Rd7 32. Nf5+ Kc6 33. Nd4+ Kd6 34.
Nf5+ Kc6 35. Rxd7 Kxd7 36. Re7+ Kc6 37. Kf1 Rh8 38. Rxg7 Rd8 39. Nd4+ Kb6 40.
Rxc7 Kxc7 41. Ne6+ Kd7 42. Nxd8 Kxd8 43. Ke2 Ke7 44. Ke3 Ke6 45. Kd4 Kd6 46. g3
b6 47. h4 Ke6 48. h5 g4 49. Ke4 f5+ 50. Kf4 Kf6 51. h6 Kg6 52. h7 Kxh7 53. Kxf5
Kg7 54. Kxg4 1-0

[Event "ch-FRA Blitz Online Qual"]
[Site "Europe-Chess INT"]
[Date "2020.05.16"]
[Round "7"]
[White "Kollar, Romain"]
[Black "Capouilliet, Sylvain"]
[Result "1-0"]
[WhiteElo "2205"]
[BlackElo "1821"]
[WhiteFideId "36017981"]
[BlackFideId "660337"]
[EventDate "2020.05.16"]

1. e4 c5 2. Nf3 Nc6 3. d4 cxd4 4. Nxd4 g6 5. c4 Bg7 6. Be3 d6 7. Nc3 e6 8. Be2
Nf6 9. O-O O-O 10. Qd2 d5 11. cxd5 exd5 12. exd5 Nxd5 13. Nxd5 Qxd5 14. Bf3 Qa5
15. Nxc6 Qxd2 16. Ne7+ Kh8 17. Bxd2 Bxb2 18. Rab1 Bf6 19. Nxc8 Raxc8 20. Rxb7
Bd4 21. Bb4 Rfe8 22. Rxf7 Rc2 23. Rf8+ Rxf8 24. Bxf8 Rxa2 25. Bd6 a5 26. g3 a4
27. Bd5 Rd2 28. Bb4 Rb2 29. Be7 Re2 30. Bg5 a3 31. Be3 Bxe3 32. fxe3 Rxe3 33.
Ra1 Kg7 34. Kf2 Rc3 35. Be4 Rb3 36. Ra2 Kf6 37. Bc2 Rc3 38. Ke2 Ke5 39. Kd2 Kd4
40. Ra1 Re3 41. Rd1 Rf3 42. Bb1 Kc4 43. Ba2+ Kb4 44. Kc2 Rf2+ 45. Rd2 Rf3 46.
Bg8 Rc3+ 47. Kb1 1-0

[Event "ch-FRA Blitz Online Qual"]
[Site "Europe-Chess INT"]
[Date "2020.05.16"]
[Round "7"]
[White "Kuhn, Clement"]
[Black "Rasolo, Loick"]
[Result "1/2-1/2"]
[WhiteTitle "CM"]
[WhiteElo "2150"]
[BlackElo "1951"]
[WhiteFideId "36099775"]
[BlackFideId "36004049"]
[EventDate "2020.05.16"]

1. e4 c5 2. Nf3 Nc6 3. d4 cxd4 4. Nxd4 Nf6 5. Nc3 d6 6. Bg5 e6 7. f4 Be7 8. Qd2
a6 9. O-O-O Qc7 10. Kb1 h6 11. Bh4 Bd7 12. g4 O-O-O 13. Nxc6 Bxc6 14. Bxf6 Bxf6
15. Bg2 Kb8 16. h4 Rhg8 17. g5 hxg5 18. hxg5 Bxc3 19. Qxc3 d5 20. exd5 Bxd5 21.
Qxc7+ Kxc7 22. Bxd5 Rxd5 23. Rxd5 exd5 24. c3 Kd6 25. Kc2 Ke6 26. Re1+ Kf5 27.
Re5+ Kxf4 28. Rxd5 f5 29. gxf6 gxf6 30. Rd7 b5 31. Rd6 f5 32. Rxa6 Rb8 33. b3
Kf3 34. c4 bxc4 35. bxc4 f4 36. Rf6 Ke3 37. c5 f3 38. Re6+ Kf2 39. c6 Kf1 40.
Kd3 f2 41. Ke3 Ke1 42. Kf3+ Kf1 43. c7 Rf8+ 44. Ke3 Ke1 45. Rf6 Re8+ 46. Kd3
f1=Q+ 47. Rxf1+ Kxf1 48. Kc4 Rc8 49. Kb5 Rxc7 50. a4 Ke2 51. a5 Kd3 52. Kb6 Rc1
53. a6 Kd4 54. a7 Ra1 55. Kb7 Rxa7+ 1/2-1/2

[Event "ch-FRA Blitz Online Qual"]
[Site "Europe-Chess INT"]
[Date "2020.05.16"]
[Round "7"]
[White "Schippke, Manon"]
[Black "Ciccoli, Theo"]
[Result "0-1"]
[WhiteElo "1873"]
[BlackElo "2178"]
[WhiteFideId "45100446"]
[BlackFideId "26053780"]
[EventDate "2020.05.16"]

1. e4 c5 2. Nf3 d6 3. g3 Nc6 4. Bg2 g6 5. O-O Bg7 6. d3 Rb8 7. c3 Nf6 8. Re1 O-O
9. h3 d5 10. e5 Nd7 11. d4 b5 12. Be3 b4 13. Qd2 Na5 14. Bh6 e6 15. Bxg7 Kxg7
16. b3 Qb6 17. cxb4 cxb4 18. Qf4 Ba6 19. Nbd2 Rbc8 20. Rac1 Bd3 21. Ng5 h6 22.
Ngf3 Rc3 23. g4 Rfc8 24. g5 h5 25. Rcd1 Rc2 26. Ra1 Qb5 27. Nf1 Nb6 28. Ne3 R2c3
29. Qf6+ Kg8 30. Qe7 R3c7 31. Qf6 Be4 32. Nh2 Bxg2 33. Kxg2 Qd3 34. Nf3 Nd7 35.
Qf4 Rc3 36. Red1 Qe2 37. Rd2 Qb5 38. Rdd1 Nc6 39. Rd2 Ne7 40. Rdd1 a5 41. Nf1 a4
42. bxa4 Qxa4 43. Ne3 Ra3 44. Rd2 b3 45. Rb1 bxa2 46. Ra1 Nb6 47. Ne1 Nc4 48.
Re2 Nxe3+ 49. fxe3 Qb3 50. Qf6 Rc7 51. Rf2 Nc6 52. Nd3 Qb1 53. Rxb1 axb1=Q 54.
Nc5 Ra1 55. Kg3 Qg1+ 56. Kf3 Qh1+ 57. Kg3 Rg1+ 58. Kf4 Rf1 59. Kg3 Qg1+ 60. Kh4
Qxf2+ 0-1

[Event "ch-FRA Blitz Online Qual"]
[Site "Europe-Chess INT"]
[Date "2020.05.16"]
[Round "7"]
[White "Mekhane, Adam"]
[Black "Rouast, Joseph"]
[Result "1-0"]
[WhiteElo "2013"]
[BlackElo "1808"]
[WhiteFideId "36050601"]
[BlackFideId "45147000"]
[EventDate "2020.05.16"]

1. e4 c5 2. Nf3 d6 3. d4 cxd4 4. Nxd4 Nf6 5. Nc3 a6 6. Bg5 e6 7. f3 Be7 8. Qd2
Qc7 9. O-O-O Nbd7 10. h4 b5 11. a3 Bb7 12. g4 Rc8 13. Bxf6 Nxf6 14. g5 Nd7 15.
Bh3 Nb6 16. Bxe6 fxe6 17. Nxe6 Qc5 18. Nxc5 1-0

[Event "ch-FRA Blitz Online Qual"]
[Site "Europe-Chess INT"]
[Date "2020.05.16"]
[Round "7"]
[White "Ratsavong, Moukda"]
[Black "Van Hoolandt, Patrick"]
[Result "1-0"]
[BlackTitle "FM"]
[WhiteElo "1789"]
[BlackElo "2063"]
[WhiteFideId "632872"]
[BlackFideId "200999"]
[EventDate "2020.05.16"]

1. e4 e5 2. Nf3 Nc6 3. Nc3 Nf6 4. d4 exd4 5. Nxd4 Bb4 6. Nxc6 bxc6 7. Bd3 d5 8.
exd5 O-O 9. O-O cxd5 10. Bg5 c6 11. Ne2 Re8 12. Nd4 c5 13. Nc6 Qb6 14. Bxf6 Qxc6
15. Bh4 c4 16. Be2 Bf5 17. Bf3 Rad8 18. Bxd8 Rxd8 19. Qd4 Bc5 20. Qh4 Rb8 21.
Qf4 Qc8 22. Bxd5 Bg6 23. b3 cxb3 24. cxb3 Rb4 25. Bc4 Rb6 26. Rad1 Rf6 27. Qe5
h6 28. Qd5 Rd6 29. Qxd6 Bxd6 30. Rxd6 Qc5 31. Rxg6 a5 32. Rg3 a4 33. Rd3 g6 34.
g3 Qc6 35. Rfd1 Kg7 36. Rd7 Kf6 37. Rxf7+ Kg5 38. Rf4 axb3 39. axb3 h5 40. h4+
Kh6 41. Rfd4 Qf3 42. R1d3 Qa8 43. Rd6 Qa1+ 44. Kg2 Qa8+ 45. R3d5 Kg7 46. Bd3 g5
47. hxg5 h4 48. gxh4 Kf7 49. Bc4 Kg7 50. Kg3 Qb8 51. f4 Qb4 52. Rd7+ Kg6 53.
Bd3+ Kh5 54. Rh7# 1-0

[Event "ch-FRA Blitz Online Qual"]
[Site "Europe-Chess INT"]
[Date "2020.05.16"]
[Round "7"]
[White "Sere, Nicolas"]
[Black "Hamon, Christian"]
[Result "0-1"]
[WhiteElo "1753"]
[BlackElo "2015"]
[WhiteFideId "36014320"]
[BlackFideId "614327"]
[EventDate "2020.05.16"]

1. e4 Nf6 2. e5 Nd5 3. c4 Nb6 4. c5 Nd5 5. Nc3 e6 6. d4 b6 7. cxb6 cxb6 8. Nf3
d6 9. Be2 Bb7 10. O-O Be7 11. Nd2 Nc6 12. Nb3 dxe5 13. dxe5 Nxe5 14. f4 Nd7 15.
f5 O-O 16. Bg4 Nxc3 17. bxc3 exf5 18. Bxf5 Nf6 19. Qe2 Re8 20. Be3 Bc5 21. Nxc5
bxc5 22. Qf2 Qd5 23. Bxc5 Rac8 24. Bd4 Ba6 25. Rfd1 Ne4 26. Qh4 Qxf5 27. Rf1
Bxf1 0-1

[Event "ch-FRA Blitz Online Qual"]
[Site "Europe-Chess INT"]
[Date "2020.05.16"]
[Round "7"]
[White "Kantzer, Romain"]
[Black "Spagnoli, Benjamin"]
[Result "1-0"]
[WhiteElo "1930"]
[BlackElo "1770"]
[WhiteFideId "26024640"]
[BlackFideId "20667116"]
[EventDate "2020.05.16"]

1. d4 Nf6 2. Bf4 d5 3. e3 e6 4. Nd2 c5 5. c3 Bd6 6. Bg3 Nc6 7. Ngf3 O-O 8. Bd3
Qe7 9. Ne5 cxd4 10. exd4 g6 11. O-O Nd7 12. Nxd7 Qxd7 13. Bxd6 Qxd6 14. Re1 e5
15. dxe5 Nxe5 16. Bf1 Ng4 17. Nf3 Qb6 18. Qd2 Be6 19. h3 Nf6 20. Nd4 Bd7 21.
Rad1 Ne4 22. Qc2 Rac8 23. Bd3 Nf6 24. Bf1 a6 25. Qb3 Qc7 26. Nf3 Rfe8 27. a3 b5
28. Qb4 a5 29. Qh4 Kg7 30. Qg5 h6 31. Qd2 Bc6 32. Qd4 Rxe1 33. Rxe1 Qd6 34. Nh2
Kh7 35. Nf3 Ne4 36. Rxe4 Rd8 37. Re3 b4 38. axb4 axb4 39. Ne5 Be8 40. Rf3 f6 41.
Ng4 f5 42. Nf6+ Kh8 43. Nxe8+ Kh7 44. Nxd6 1-0

[Event "ch-FRA Blitz Online Qual"]
[Site "Europe-Chess INT"]
[Date "2020.05.16"]
[Round "7"]
[White "Garde, Guillaume"]
[Black "Djidjeli, Sarah"]
[Result "1-0"]
[WhiteElo "1716"]
[BlackElo "2074"]
[WhiteFideId "45138273"]
[BlackFideId "36067474"]
[EventDate "2020.05.16"]

1. e4 c5 2. Nc3 Nc6 3. Bb5 Nd4 4. Nf3 a6 5. Bd3 d6 6. Nxd4 cxd4 7. Ne2 e5 8. O-O
Be6 9. c3 dxc3 10. dxc3 Ne7 11. c4 g6 12. Nc3 Bg7 13. Nd5 O-O 14. Bg5 f6 15. Be3
Nc6 16. Qd2 Nd4 17. Bxd4 exd4 18. Bc2 f5 19. exf5 Bxf5 20. Bxf5 Rxf5 21. Rfe1
Rf7 22. Rad1 Rc8 23. b3 b5 24. cxb5 axb5 25. Nb4 Qf6 26. Re2 h5 27. Nc2 d3 28.
Qxd3 Rfc7 29. Ne3 Rc1 30. h3 Rxd1+ 31. Qxd1 Kh7 32. Nd5 Qf7 33. Re7 Qg8 34. Nf6+
Kh6 35. Nxg8+ Rxg8 36. Qxd6 Rc8 37. Qd7 Rc1+ 38. Kh2 Bc3 39. Rh7+ Kg5 40. h4+
Kf4 41. Rf7+ Ke5 42. Qe8+ Kd4 43. Rd7+ Kc5 44. Qc8+ Kb4 45. Rd4+ Ka3 46. Qf8+
Kb2 47. Rd6 Be5+ 48. g3 Bxd6 49. Qxd6 Kxa2 50. Qxg6 Kxb3 51. Qxh5 b4 52. Qd5+
Kb2 53. Qd2+ Rc2 54. Qxb4+ Kc1 55. Kg2 Kd1 56. Qb3 Kc1 57. Qxc2+ Kxc2 58. h5 Kd3
59. h6 Ke4 60. h7 Kf5 61. h8=Q Ke6 62. Qf8 Kd7 63. g4 Ke6 64. g5 1-0

[Event "ch-FRA Blitz Online Qual"]
[Site "Europe-Chess INT"]
[Date "2020.05.16"]
[Round "7"]
[White "Profili, Emilio"]
[Black "Laignel, Quentin"]
[Result "1-0"]
[WhiteElo "2053"]
[BlackElo "1420"]
[WhiteFideId "45160805"]
[BlackFideId "45169128"]
[EventDate "2020.05.16"]

1. e4 d5 2. exd5 Qxd5 3. Nc3 Qd8 4. d4 Nf6 5. Nf3 Bg4 6. h3 Bxf3 7. Qxf3 c6 8.
Bf4 Nbd7 9. Bc4 e6 10. O-O Be7 11. Rad1 O-O 12. Bd3 Qb6 13. b3 Rfe8 14. Rfe1 Nf8
15. Na4 Qd8 16. c4 Ng6 17. Be5 Bb4 18. Rf1 Nd7 19. Qh5 Ndxe5 20. dxe5 Qe7 21. g3
Red8 22. Qe2 Rac8 23. Kg2 Qg5 24. f4 Qe7 25. Qe3 Nf8 26. Qxa7 c5 27. Be4 Rxd1
28. Rxd1 Rc6 29. Bxc6 1-0

[Event "ch-FRA Blitz Online Qual"]
[Site "Europe-Chess INT"]
[Date "2020.05.16"]
[Round "7"]
[White "De Monts, Louis"]
[Black "Viennois, Romain"]
[Result "1-0"]
[WhiteElo "1630"]
[BlackElo "1981"]
[WhiteFideId "36088781"]
[BlackFideId "634204"]
[EventDate "2020.05.16"]

1. e4 e5 2. Nf3 Nc6 3. Bc4 Nf6 4. d4 exd4 5. O-O Nxe4 6. Re1 d5 7. Bxd5 Qxd5 8.
Nc3 Qh5 9. Nxe4 Be6 10. Bg5 h6 11. Bf6 Rg8 12. Qd3 a6 13. Nxd4 Ne5 14. Qg3 Ng4
15. Qxc7 Nxf6 16. Nxf6+ gxf6 17. Nxe6 Qg4 18. Ng7# 1-0

[Event "ch-FRA Blitz Online Qual"]
[Site "Europe-Chess INT"]
[Date "2020.05.16"]
[Round "7"]
[White "Ernst, Luca"]
[Black "Maccagnan, Tomas"]
[Result "1/2-1/2"]
[WhiteElo "1660"]
[BlackElo "1968"]
[WhiteFideId "45117055"]
[BlackFideId "26091763"]
[EventDate "2020.05.16"]

1. e4 e6 2. d4 d5 3. exd5 exd5 4. Bd3 Bd6 5. Qf3 Nf6 6. h3 Nc6 7. c3 O-O 8. Ne2
Re8 9. O-O Ne4 10. Nd2 f5 11. Nf4 Be6 12. Nxe6 Rxe6 13. Qxf5 Qf6 14. Qxf6 Nxf6
15. Nf3 Rae8 16. Bd2 h6 17. Rfe1 Ne4 18. Bxe4 Rxe4 19. Rxe4 Rxe4 20. Re1 Rxe1+
21. Nxe1 Ne7 22. Nd3 b6 23. Bf4 Nf5 24. Bxd6 Nxd6 25. b3 Ne4 26. f3 Nxc3 27. Nb4
c5 28. dxc5 bxc5 29. Nc6 Nxa2 30. Ne7+ Kf7 31. Nxd5 Ke6 32. Nf4+ Ke5 33. Ne2 a5
34. Kf2 Kd5 35. Ke3 c4 36. bxc4+ Kxc4 37. Kd2 a4 38. Kc2 Nb4+ 39. Kb2 Nd3+ 40.
Ka3 Ne1 41. Nf4 g5 42. Ne6 Nxg2 43. Ng7 Nf4 44. Nf5 Nxh3 45. Nxh6 Ng1 46. Nf7
Nxf3 47. Nxg5 Nxg5 48. Kxa4 1/2-1/2

[Event "ch-FRA Blitz Online Qual"]
[Site "Europe-Chess INT"]
[Date "2020.05.16"]
[Round "7"]
[White "Ghazaryan, Gurgen"]
[Black "Zienkiewicz, Jan"]
[Result "0-1"]
[WhiteElo "1403"]
[BlackElo "1914"]
[WhiteFideId "45137609"]
[BlackFideId "45116768"]
[EventDate "2020.05.16"]

1. e4 c5 2. Nf3 Nc6 3. d4 cxd4 4. Nxd4 e5 5. Nf3 d6 6. Bb5 Bg4 7. h3 Bh5 8. Nc3
Nf6 9. Bg5 Be7 10. g4 Bg6 11. Qe2 O-O 12. O-O-O Qa5 13. Bxf6 Bxf6 14. g5 Be7 15.
h4 Bh5 16. Kb1 Nd4 17. Rxd4 exd4 18. Nd5 Bd8 19. Bd3 Rc8 20. Qd1 b5 21. Be2 Qa4
22. Nxd4 Bxe2 23. Nxe2 Qxe4 24. Nec3 Qg2 25. Nf4 Qc6 26. Nh3 Ba5 27. Ne2 Rfe8
28. Nd4 Qe4 29. f3 Qd5 30. Nf4 Qe5 31. Nfe2 Bb6 32. f4 Qe4 33. Nb3 Qxe2 34. Qxd6
Qxc2+ 35. Ka1 Red8 36. Qg6 hxg6 37. a3 Qxb3 38. h5 Rd2 39. Rb1 Qxa3+ 40. bxa3
Bd4+ 41. Rb2 Rc1+ 42. Ka2 Rxb2# 0-1

[Event "ch-FRA Blitz Online Qual"]
[Site "Europe-Chess INT"]
[Date "2020.05.16"]
[Round "7"]
[White "Zniber, Reda"]
[Black "Varin, Timeo"]
[Result "1-0"]
[WhiteElo "1986"]
[BlackElo "1287"]
[WhiteFideId "36054224"]
[BlackFideId "45117527"]
[EventDate "2020.05.16"]

1. c4 e5 2. g3 Nc6 3. Bg2 f5 4. Nc3 Nf6 5. d3 Bb4 6. Bd2 d6 7. e3 O-O 8. Nge2
Qe8 9. a3 Bxc3 10. Nxc3 Qh5 11. Qxh5 Nxh5 12. Nd5 Rf7 13. O-O Ne7 14. Nc3 f4 15.
exf4 exf4 16. Be4 f3 17. Nd5 Nxd5 18. Bxd5 Bg4 19. Rfe1 Rf8 20. Re7 Nf6 21.
Bxf7+ Rxf7 22. Rae1 Kf8 23. Rxf7+ Kxf7 24. Bc3 Bh3 25. Bxf6 gxf6 26. b4 Bg2 27.
h4 c6 28. Kh2 f5 29. d4 b6 30. a4 a6 31. a5 b5 32. cxb5 cxb5 33. Rc1 Ke6 34. Rc6
Kd5 35. Rxa6 Kxd4 36. Rxd6+ Kc4 37. a6 Kxb4 38. a7 Kc4 39. a8=Q b4 40. Qc6+ Kb3
41. Rd3+ Ka2 42. Qa4+ Kb2 43. Rd2+ Kc3 44. Qc2# 1-0

[Event "ch-FRA Blitz Online Qual"]
[Site "Europe-Chess INT"]
[Date "2020.05.16"]
[Round "7"]
[White "Boumrar, Ayrad"]
[Black "Casas, Alexandre"]
[Result "0-1"]
[WhiteElo "1431"]
[BlackElo "1933"]
[WhiteFideId "45182310"]
[BlackFideId "45173451"]
[EventDate "2020.05.16"]

1. d4 Nf6 2. c4 e6 3. Nf3 b6 4. g3 Ba6 5. Bg2 Bxc4 6. Nbd2 Bd5 7. Qc2 Bb7 8. e4
d6 9. O-O Be7 10. Re1 O-O 11. b3 h6 12. Bb2 c5 13. dxc5 bxc5 14. e5 dxe5 15.
Rad1 Qc8 16. Bxe5 Nc6 17. Nc4 Nxe5 18. Nfxe5 Bxg2 19. Kxg2 Nd5 20. Ne3 Nb4 21.
Qe2 Nc6 22. N3c4 Nxe5 23. Qxe5 Bf6 24. Qe2 Rd8 25. Rxd8+ Qxd8 26. Rd1 Bd4 27.
Qe4 Qd5 28. Qxd5 exd5 29. Ne3 Bxe3 30. fxe3 Rd8 31. Kf3 Kf8 32. Kf4 f6 33. Kf5
Kf7 34. e4 g6+ 35. Kf4 Ke6 36. exd5+ Rxd5 37. Rxd5 Kxd5 38. Ke3 c4 39. bxc4+
Kxc4 40. Ke4 a5 41. h3 a4 42. a3 Kb3 43. Kd5 Kxa3 44. Ke6 f5 45. Kf6 Kb3 46.
Kxg6 a3 47. Kxh6 a2 48. Kg5 a1=Q 49. h4 Qg7+ 50. Kxf5 Qxg3 51. h5 Qg7 52. Kf4
Qh6+ 53. Kf5 Kc4 54. Kg4 Kd5 55. Kh4 Ke5 56. Kg4 Kf6 57. Kh4 Kf5 58. Kg3 Qxh5
59. Kf2 Qh3 60. Ke2 Kf4 61. Kd2 Ke4 62. Kc2 Kd4 63. Kd2 Qg2+ 64. Kc1 Kc3 65. Kd1
Qd2# 0-1

[Event "ch-FRA Blitz Online Qual"]
[Site "Europe-Chess INT"]
[Date "2020.05.16"]
[Round "7"]
[White "Randrianarimanana, Alicia"]
[Black "Kurmann, Oliver"]
[Result "0-1"]
[BlackTitle "IM"]
[WhiteElo "1971"]
[BlackElo "2430"]
[WhiteFideId "36034738"]
[BlackFideId "1308173"]
[EventDate "2020.05.16"]

1. d4 Nf6 2. c4 e6 3. Nf3 b6 4. e3 Bb7 5. Bd3 d5 6. b3 Bd6 7. Bb2 O-O 8. O-O
Nbd7 9. Ne5 c5 10. f4 Qe7 11. Nc3 Ne4 12. Bxe4 dxe4 13. Nxd7 Qxd7 14. dxc5 bxc5
15. Qd2 Rad8 16. Rad1 Qe7 17. Qc2 f5 18. Nb5 Bb8 19. Rd2 a6 20. Nc3 Rxd2 21.
Qxd2 Rd8 22. Qc2 Rd3 23. Kf2 Qh4+ 24. Kg1 Rxe3 25. Nd1 Rd3 26. Nf2 Rd7 27. g3
Qd8 28. Ba3 Rd2 29. Qc3 Qd4 30. Qa5 e3 31. Bxc5 exf2+ 32. Rxf2 Rd1+ 33. Qe1
Rxe1# 0-1

[Event "ch-FRA Blitz Online Qual"]
[Site "Europe-Chess INT"]
[Date "2020.05.16"]
[Round "7"]
[White "Billot, Daniel"]
[Black "Defromont, Benjamin"]
[Result "0-1"]
[BlackTitle "FM"]
[WhiteElo "1679"]
[BlackElo "2236"]
[WhiteFideId "618004"]
[BlackFideId "36068829"]
[EventDate "2020.05.16"]

1. e4 g6 2. d4 Bg7 3. Nc3 b6 4. Bc4 Bb7 5. Nf3 e6 6. O-O d6 7. Re1 Ne7 8. Bg5 h6
9. Bh4 Nd7 10. Qe2 a6 11. a4 O-O 12. Rad1 g5 13. Bg3 Ng6 14. h3 h5 15. Nh2 h4
16. Bxh4 gxh4 17. Ng4 Qg5 18. Bxe6 fxe6 0-1

[Event "ch-FRA Blitz Online Qual"]
[Site "Europe-Chess INT"]
[Date "2020.05.16"]
[Round "7"]
[White "Dubois, Herve"]
[Black "Nicolas, Guillaume"]
[Result "1/2-1/2"]
[WhiteElo "1836"]
[BlackElo "2143"]
[WhiteFideId "636460"]
[BlackFideId "20646607"]
[EventDate "2020.05.16"]

1. c4 Nf6 2. Nf3 c5 3. g3 d5 4. cxd5 Nxd5 5. Bg2 Nc6 6. O-O e5 7. Nc3 Nc7 8. d3
Be7 9. Be3 O-O 10. Rc1 Be6 11. a3 Qd7 12. Ng5 Bxg5 13. Bxg5 b6 14. Be3 Rac8 15.
Ne4 h6 16. Nd2 Nd5 17. Nc4 Nxe3 18. Nxe3 Nd4 19. Nc4 f6 20. b4 b5 21. Na5 cxb4
22. axb4 Bd5 23. Rxc8 Rxc8 24. e4 Be6 25. f4 Rc2 26. f5 Bf7 27. Rf2 Qc7 28. Rxc2
Qxc2 29. Qxc2 Nxc2 30. Bf1 Nxb4 31. Kf2 Kf8 32. Ke3 Ke7 33. g4 Kd6 34. h4 Kc5
35. Nb7+ Kc6 36. Nd8+ Kc5 37. Nxf7 a5 38. g5 hxg5 39. hxg5 a4 40. Kd2 Nc6 41.
Kc3 b4+ 42. Kb2 a3+ 43. Ka2 Kd4 44. gxf6 gxf6 45. Nd6 Kc3 46. Nb5+ Kc2 47. Nxa3+
bxa3 48. Kxa3 Kc3 49. Ka4 Nb4 50. Kb5 Nxd3 51. Kc6 Nf2 52. Bg2 Kd4 53. Kd6 Nxe4+
54. Ke6 Ng3 55. Kxf6 e4 56. Bxe4 Nxe4+ 57. Ke6 Ke3 58. f6 Nxf6 1/2-1/2

[Event "ch-FRA Blitz Online Qual"]
[Site "Europe-Chess INT"]
[Date "2020.05.16"]
[Round "7"]
[White "Villevieille, Lucas"]
[Black "Lorans, Sylvain"]
[Result "0-1"]
[WhiteElo "1713"]
[BlackElo "2086"]
[WhiteFideId "36022349"]
[BlackFideId "605794"]
[EventDate "2020.05.16"]

1. d4 Nf6 2. c4 e6 3. Nc3 Bb4 4. Nf3 d5 5. g3 O-O 6. Bg2 dxc4 7. O-O Nbd7 8. Qc2
Nb6 9. e4 c5 10. dxc5 Bxc5 11. e5 Nfd5 12. Nxd5 exd5 13. Rd1 h6 14. a3 Bd7 15.
b4 Ba4 16. Qd2 Bxd1 17. bxc5 Bxf3 18. Bxf3 Nd7 19. Qxd5 Rc8 20. Be3 Qe7 21. Qxb7
Qxe5 22. Rd1 Nxc5 23. Rd5 Qa1+ 24. Kg2 Nxb7 0-1

[Event "ch-FRA Blitz Online Qual"]
[Site "Europe-Chess INT"]
[Date "2020.05.16"]
[Round "7"]
[White "Antao, Amory"]
[Black "Berger, Justin"]
[Result "1-0"]
[WhiteElo "2099"]
[BlackElo "1735"]
[WhiteFideId "36049700"]
[BlackFideId "45115095"]
[EventDate "2020.05.16"]

1. Nc3 c5 2. e4 e6 3. f4 Nc6 4. Nf3 d5 5. e5 Nge7 6. d4 Ng6 7. Ne2 Be7 8. c3 b5
9. g4 Bh4+ 10. Ng3 c4 11. Be3 a5 12. Be2 b4 13. O-O Bxg3 14. hxg3 Ba6 15. a3
bxc3 16. bxc3 Rb8 17. Rb1 O-O 18. f5 Nge7 19. f6 Ng6 20. fxg7 Kxg7 21. Bg5 Qc7
22. Bf6+ Kg8 23. Qd2 Rxb1 24. Qh6 Rxf1+ 25. Kxf1 1-0